Logo BPK

Biblioteka

Politechniki Koszalińskiej

Konstrukcje metalowe. (Rekord nr 18295)

Szczegóły MARC
000 -ETYKIETA REKORDU
podpole kontrolne o stałej długości 00321nam a2200133 i 4500
001 - NUMER KONTROLNY REKORDU
pole kontrolne bg
040 ## - ŹRÓDŁO KATALOGOWANIA
Instytucja, która utworzyła rekord BPK
041 ## - KOD JĘZYKA
Kod języka tekstu pol
008 - POLE O STAŁEJ DŁUGOŚCI - DANE KONTROLNE
podpole kontrolne o stałej długości s pl f |000 0 pol
100 1# - NAZWA OSOBOWA
Nazwa osobowa LUBIENIECKI, Edmund
245 #0 - TYTUŁ/ODPOWIEDZIALNOŚĆ
Tytuł Konstrukcje metalowe.
Oznaczenie części/sekcji dzieła Cz. 1-3 /
Pozostałe elementy strefy tytułu i oznaczenia odpowiedzialności Edmund Lubienicki.
260 ## - STREFA ADRESU WYDAWNICZEGO
Miejsce wydania Bydgoszcz,
Data publikacji, dystrybucji/powstania dokumentu 1979.
856 ## - LOKALIZACJA I DOSTĘP DO ELEKTRONICZNYCH DOKUMENTÓW ZDALNYCH
Link (URL) http://koha.tu.koszalin.pl/cgi-bin/koha/opac-detail.pl?biblionumber=18295
Tekst linku Katalog online BPK
942 ## - DODATKOWE ELEMENTY (KOHA)
Typ dokumentu Książka
Egzemplarze
Wycofany Status egzemplarza Uszkodzony Dostępność Lokalizacja stała Lokalizacja bieżąca Miejsce przechowywania Sygnatura Kod kreskowy Typ dokumentu
      Dostępny Biblioteka Politechniki Koszalińskiej Biblioteka Politechniki Koszalińskiej Wypożyczalnia BG 24232 01143492 Książka
© 2023 Biblioteka Politechniki Koszalińskiej :: KOHA